000 00620nam a2200217Ia 4500
005 20240419105556.0
008 131103s9999 xx 000 0 und d
020 _a8185618518
_cRs 85
040 _aLoreto College
041 _aEnglish
082 _a425
_bMUR
100 _aMurphy, Raymond
245 _aIntermediate English Grammar
_b reference and practice for South Asian Students with answers
_cRaymond Murphy
250 _a2nd ed.
260 _aNew Delhi
_bCambridge University Press
_c1995
300 _ax,350p
504 _aIncludes index
650 _aEnglish grammar
850 _aLCBED
942 _cBK
999 _c28031
_d78510